00369nam a2200145Ia 4500008004100000020001800041041000800059082001700067100001600084245004100100260002900141300000800170365001600178700002900194230718s9999 xx 000 0 und d a9789325968387 aeng a822.954bKAM aKamath M.V. aThe Man Of The MomentbNarendra Modi c2013bVikas Publications a419 cRs.b399.00 aKamath M.V. & Randeri K.